000 00298nam a22001337a 4500
008 170616b xxu||||| |||| 00| 0 eng d
020 _a9780253221674
041 _aeng
080 _a32
100 _a20
101 _aSHP
245 _aGLOBAL GOVERNANCE AND THE UN
_cWEISS, TH.G
942 _2udc
_cBK
999 _c17752
_d17752